Of women, outcastes, peasants, and rebels : (Record no. 68831)
[ view plain ]
| 000 -LEADER | |
|---|---|
| fixed length control field | 00985nam a2200265 a 4500 |
| 001 - CONTROL NUMBER | |
| control field | 68831 |
| 003 - CONTROL NUMBER IDENTIFIER | |
| rucl marc code | BD-RjUL |
| 005 - DATE AND TIME OF LATEST TRANSACTION | |
| control field | 20211209081820.0 |
| 008 - FIXED-LENGTH DATA ELEMENTS--GENERAL INFORMATION | |
| fixed length control field | 170406s1990 cau b s000 1 eng |
| 020 ## - INTERNATIONAL STANDARD BOOK NUMBER | |
| International Standard Book Number | 0520067134 (alk. paper) |
| International Standard Book Number | 0520067142 (pbk. : alk. paper) |
| 035 ## - SYSTEM CONTROL NUMBER | |
| System control number | (BD-RjUL)69042 |
| 040 ## - CATALOGING SOURCE | |
| Original cataloging agency | DLC |
| Transcribing agency | DLC |
| Modifying agency | DLC |
| -- | BD-RjUL |
| Language of cataloging | eng |
| 041 1# - LANGUAGE CODE | |
| Language code of text/sound track or separate title | eng |
| Language code of original | ben |
| 082 00 - DEWEY DECIMAL CLASSIFICATION NUMBER | |
| Edition number | 23 |
| Classification number | 891.4430108 |
| Author mark and year | OFW 1990 |
| 245 00 - TITLE STATEMENT | |
| Title | Of women, outcastes, peasants, and rebels : |
| Remainder of title | a selection of Bengali short stories / |
| Statement of responsibility, etc. | edited, translated, and with an introduction by Kalpana Bardhan. |
| 260 ## - PUBLICATION, DISTRIBUTION, ETC. (IMPRINT) | |
| Place of publication, distribution, etc. | Berkeley : |
| Name of publisher, distributor, etc. | University of California Press, |
| Date of publication, distribution, etc. | c1990. |
| 300 ## - PHYSICAL DESCRIPTION | |
| Pagination | vii, 330 p. ; |
| Size | 24 cm. |
| 500 ## - GENERAL NOTE | |
| General note | Translated from Bengali. |
| 504 ## - BIBLIOGRAPHY, ETC. NOTE | |
| Bibliography, etc | Includes bibliographical references. |
| 650 #0 - SUBJECT ADDED ENTRY--TOPICAL TERM | |
| Topical term or geographic name as entry element | Short stories, Bengali |
| Form subdivision | Translations into English. |
| 9 (RLIN) | 203974 |
| 651 #0 - SUBJECT ADDED ENTRY--GEOGRAPHIC NAME | |
| Geographic name | Bengal (India) |
| General subdivision | Social life and customs |
| Form subdivision | Fiction. |
| 9 (RLIN) | 203975 |
| 700 1# - ADDED ENTRY--PERSONAL NAME | |
| Personal name | Bardhan, Kalpana. |
| 942 ## - ADDED ENTRY ELEMENTS (KOHA) | |
| Source of classification or shelving scheme | Dewey Decimal Classification |
| Koha item type | Books |
| Lost status | Source of classification or shelving scheme | Damaged status | Not for loan | Collection code | Permanent Location | Current Location | Shelving location | Date acquired | Source of acquisition | Cost, normal purchase price | Total Checkouts | Full call number | Date last seen | Copy number | Koha item type |
|---|---|---|---|---|---|---|---|---|---|---|---|---|---|---|---|
| Dewey Decimal Classification | Not For Loan | Non-fiction | Central Library, University of Rajshahi | Central Library, University of Rajshahi | Reading Room | 22/11/1997 | R.U. Associate professor, Hasan Azizul Hqu. | 2036.00 | 891.4430108 OFW 1990 | 06/04/2017 | C-1 | Books |